Library Logo

Pioneer International University Library Catalogue

THE USBORNE ILLUSTRATED ENCYCLOPEDIA:SCIENCE & TECHNOLOGY (Record no. 6102)

MARC details
000 -LEADER
fixed length control field 00325nam a22000977a 4500
005 - DATE AND TIME OF LATEST TRANSACTION
control field 20250901165556.0
008 - FIXED-LENGTH DATA ELEMENTS--GENERAL INFORMATION
fixed length control field 231002b |||||||| |||| 00| 0 eng d
050 ## - LIBRARY OF CONGRESS CALL NUMBER
Classification number REF BF1503.S3 1968
245 ## - TITLE STATEMENT
Title THE USBORNE ILLUSTRATED ENCYCLOPEDIA:SCIENCE & TECHNOLOGY
Statement of responsibility, etc. SCcholastic inc.
942 ## - ADDED ENTRY ELEMENTS (KOHA)
Source of classification or shelving scheme Library of Congress Classification
Classification part REF BF1503.S3 1968
Holdings
Withdrawn status Lost status Source of classification or shelving scheme Damaged status Not for loan Home library Current library Shelving location Date acquired Total checkouts Full call number Barcode Date last seen Price effective from Koha item type
    Library of Congress Classification     Main Library Main Library   10/02/2023   REF BF1503.S3 1968 PIU0028952 10/02/2023 10/02/2023 Books